000 01026cad a22002175a 4500
001 E152547
008 110328s2011 xxk f 000 0 eng d
020 _a9781780451640
035 _a(Sirsi) u152547
041 0 _aeng
110 2 _aScotland
_bScottish Government
_95344
245 0 0 _aImpacts of options for regulating energy efficiency standards in the domestic sector
_h[electronic resource]
260 _aEdinburgh
_bScottish Government
_c2011
520 _aLooks at options for regulation under the Climate Change (Scotland) Act 2009 S64, which requires the assessment of the energy performance and reduction of emissions from existing housing. Four different options are considered.
590 _aKA
650 2 4 _aCLIMATE CHANGE (SCOTLAND) ACT 2009 S64
651 4 _aScotland
_y1999-
690 _aENVIRONMENTAL AND LAND CONSULTANCY-ENERGY-ENERGY USE-ENERGY EFFICIENCY
856 4 0 _uhttps://www.scotland.gov.uk/Publications/2011/03/22092740/0
_zView the report free of charge at www.scotland.gov.uk
942 _n0
999 _c112101
_d112101